| 000 | 01280cam a2200373 a 4500 | ||
|---|---|---|---|
| 001 | 14067377 | ||
| 003 | OSt | ||
| 005 | 20140310181655.0 | ||
| 008 | 050808s2006 enk b 001 0 eng | ||
| 010 | _a 2005022985 | ||
| 015 |
_aGBA610660 _2bnb |
||
| 016 | 7 |
_a013370949 _2Uk |
|
| 020 | _a0826485456 (hardcover) | ||
| 020 | _a0826485464 (pbk.) | ||
| 020 | _a9780826485465 | ||
| 035 | _a(OCoLC)ocm61262360 | ||
| 040 |
_aDLC _cDLC _dBAKER _dC#P _dUKM _dNLGGC _dDLC |
||
| 050 | 0 | 0 |
_aB 105.A35 _b.H86 2006 |
| 082 | 0 | 0 |
_aIB 128.4 _bH88 2006 |
| 084 |
_a08.36 _2bcl |
||
| 245 | 0 | 0 |
_aHuman nature : _bfact and fiction / _cWells, Robin Headlam |
| 260 |
_aLondon ; _aNew York : _bContinuum International Pub. Group, _cc2006. |
||
| 300 |
_axiv, 200 p. : _c20 cm. |
||
| 650 | 0 | _aAct (Philosophy) | |
| 650 | 0 |
_aHuman behavior _xPhilosophy. |
|
| 650 | 0 |
_aPsychology _xPhilosophy. |
|
| 700 | 1 | _aWells, Robin Headlam. | |
| 700 | 1 | _aMcFadden, Johnjoe. | |
| 856 | 4 | 1 |
_3Table of contents _uhttp://www.loc.gov/catdir/toc/ecip0517/2005022985.html |
| 906 |
_a7 _bcbc _corignew _d1 _eecip _f20 _gy-gencatlg |
||
| 942 |
_2lcc _cBK |
||
| 999 |
_c1089 _d1089 |
||